PIKOSEKUNDOVÝ LASER - ETABLOVANÝ VO VÝROBE

Bibliographic Details
Main Author: Weiler, Sascha (Author)
Format: Article
Language:Slovak

MARC

LEADER 00000nab a2200000 a 4500
001 vtls011123098
003 SK-MaSNL
005 20260303151213.0
008 230222|2011 xo |||||||||||||||||slo|
015 |a SNBRB 
035 |a (uuid)53510b13-820f-4f42-a075-893559edcad6 
035 |a (urnnbn)urn:nbn:sk:snk:ar-a090k0 
035 |a urn:nbn:sk:snk-ab9vda 
040 |a SNKBUCL  |b slo  |c SNKBUCL  |e AACR2 
041 0 |a slo 
044 |a xo  |c SK 
100 1 |a Weiler, Sascha  |4 aut  |9 1170444 
245 1 0 |a PIKOSEKUNDOVÝ LASER - ETABLOVANÝ VO VÝROBE  |c Sascha Weiler 
773 0 |t Zvárač : aktuality zo sveta zvárania, spájkovania a deliacich technológií  |g Roč. 8, č. 2 (2011), s. 51-52 
954 |a odborná, vedecká literatúra pôvodná (slovenská)  |2 lita 
958 |a OND 
958 |a EUIPO 
958 |a article13 
999 |c 2016607  |d 2018537